Statistics for World Capitals Containing U - One Minute Sprint

Click here to take the quiz!

General Stats

  • This quiz has been taken 661 times
  • The average score is 14 of 61

Answer Stats

capital% Correct
Ulaanbaatar
62%
Buenos Aires
45%
Dublin
40%
Abu Dhabi
39%
Brussels
39%
Guatemala City
39%
Bucharest
38%
Budapest
38%
Luxembourg
33%
Asunción
32%
Luanda
32%
Abuja
29%
Dushanbe
29%
Baku
28%
Juba
28%
Kuala Lumpur
28%
Seoul
28%
Vaduz
27%
Lusaka
26%
Port-au-Prince
26%
Quito
26%
Suva
26%
Tunis
26%
Vilnius
25%
Bujumbura
24%
Prague
24%
Banjul
23%
Kabul
23%
Sucre
23%
Tegucigalpa
23%
Bangui
21%
Jerusalem
20%
Managua
20%
Chișinău
19%
Kathmandu
18%
Kuwait City
18%
Maseru
18%
Beirut
17%
Ljubljana
17%
Maputo
17%
Muscat
17%
Bissau
16%
Funafuti
16%
Majuro
16%
Nassau
16%
Ngerulmud
16%
Thimphu
16%
Ouagadougou
15%
Port Louis
15%
Khartoum
14%
Yaoundé
14%
Nukuʻalofa
13%
Mogadishu
12%
Nouakchott
12%
Roseau
11%
Damascus
8%
Djibouti
8%
South Tarawa
8%
Yamoussoukro
5%
Cotonou
2%
Sri Jayewarde-
nepura Kotte
2%

Score Distribution

Percentile by Number Answered

Percent of People with Each Score

Your Score History

You have not taken this quiz